| 000 | 01379cam a2200409 4500 | ||
|---|---|---|---|
| 001 | WS119197 | ||
| 008 | 020805n 000 0 eng u | ||
| 035 | _a(Sirsi) u119197 | ||
| 110 |
_aLaw Society of Scotland _91695 |
||
| 245 | _aLaw Society of Scotland | ||
| 520 | _aWeb site for the governing body for Scottish solicitors. Includes a description of the legal system in Scotland, topic pages offering basic information on a variety of topics, directory of members, codes of conduct and professional practice rules and guidance. | ||
| 650 | _aORGANISATION | ||
| 650 | _aSCOTLAND | ||
| 650 | _aSOLICITORS | ||
| 650 | _aLEGAL AID AND SOLICITORS (SCOTLAND) ACT 1949 | ||
| 650 | _aSOLICITORS (SCOTLAND) ACT 1980 | ||
| 650 |
_aHEALTH AND SAFETY _96244 |
||
| 650 |
_aInsolvency _96247 |
||
| 650 | _aCROFTING | ||
| 650 | _aMORTGAGES | ||
| 650 | _aDISCRIMINATION | ||
| 650 | _aPROPERTY-COMMERCIAL PROPERTY | ||
| 650 |
_aLANDLORD AND TENANT _96252 |
||
| 650 | _aLEGAL AID | ||
| 650 | _aRESIDENTIAL | ||
| 650 | _aMEDIATION | ||
| 650 | _aFIRST-TIME BUYERS | ||
| 650 | _aHOUSE PURCHASE | ||
| 650 | _aEMPLOYMENT | ||
| 650 | _aINHERITANCE | ||
| 650 | _aCODES OF CONDUCT | ||
| 650 | _aCOSTS | ||
| 650 |
_aValuation _96273 |
||
| 690 | _aLAW | ||
| 856 | 4 | 0 |
_uhttps://www.lawscot.org.uk _zView the website free of charge at www.lawscot.org.uk... |
| 942 | _n0 | ||
| 999 |
_c120144 _d120144 |
||